Historical Italian Flags - Statistics

General Stats
  • This quiz has been taken 39 times
  • The average score is 16 of 25
Answer Stats
Picture Answer % Correct
First Italian {Republic}
97%
{French} Empire
97%
{Kingdom} of Italy
97%
Napoleonic Italian {Republic}
97%
Republic of {Venice}
97%
Kingdom of {Sardinia}
95%
{Papal} States
92%
Sardinia-Piedmont
92%
{Roman} Empire
89%
{Austrian} Empire
87%
Republic of {Genoa}
79%
Kingdom of {Sicily}
74%
Republic of {Florence}
74%
Duchy of {Milan}
66%
Grand Duchy of {Tuscany}
66%
Republic of {Pisa}
63%
Kingdom of the {Two Sicilies}
58%
Duchy of {Savoy}
55%
Free Territory of {Trieste}
53%
Italian {Social} Republic
53%
Padania
21%
Committee of National Liberation
16%
Duchy of {Modena and Reggio}
5%
Duchy of {Urbino}
5%
Kingdom of Etruria
3%
No matching quizzes found
Score Distribution
Percent of People with Each Score
Percentile by Number Answered
Your Score History
You have not taken this quiz